Normal view
MARC view
- Louis E. Frenzel
Entry Personal Name
001 - CONTROL NUMBER
- control field: 113786
003 - CONTROL NUMBER IDENTIFIER
- control field: NUST
005 - DATE AND TIME OF LATEST TRANSACTION
- control field: 20230724125312.0
008 - FIXED-LENGTH DATA ELEMENTS
- fixed length control field: 230724|| aca||aabn | a|a d
040 ## - CATALOGING SOURCE
- Original cataloging agency: NUST
- Transcribing agency: NUST
100 ## - HEADING--PERSONAL NAME
- Personal name: Louis E. Frenzel
670 ## - SOURCE DATA FOUND
- Source citation: Work cat.: (NUST)189835: Louis E. Frenzel, Communication Electronics :, 2001
